Statistics for Least Diverse U.S. Cities

Click here to take the quiz!

General Stats

  • This quiz has been taken 113 times
  • The average score is 8 of 15

Answer Stats

HintAnswer% Correct
1Detroit
89%
4Miami
83%
3Portland, Oregon
82%
12Seattle
81%
2El Paso
70%
10Baltimore
64%
9Memphis
62%
11San Antonio
62%
7Omaha
49%
15Indianapolis
47%
14Columbus, Ohio
44%
6Louisville
37%
5Colorado Springs
28%
13Virginia Beach
18%
8Mesa, Arizona
15%

Score Distribution

Percentile by Number Answered

Percent of People with Each Score

Your Score History

You have not taken this quiz